Estadísticas para Provincias de Argentina en 30 segundos

Haz click aquí para intentar la prueba.

Estadísticas generales

  • Esta prueba ha sido intentada 273 veces
  • La puntuación promedio es 14 de 24

Respuestas en el mapa

Las respuestas están codificadas por una escala verde-roja en el mapa de la prueba según el % correcto abajo.
 

Estadísticas de respuestas

Provincia% Correcto
Ciudad de Buenos Aires
84%
Buenos Aires
82%
Jujuy
80%
Misiones
74%
Salta
73%
Formosa
70%
Córdoba
67%
Corrientes
64%
Santa Fe
63%
Chaco
61%
Mendoza
60%
Chubut
58%
Entre Ríos
57%
Tucumán
53%
San Luis
51%
Santiago del Estero
50%
Catamarca
48%
La Pampa
48%
La Rioja
47%
Santa Cruz
46%
San Juan
45%
Neuquén
42%
Rio Negro
40%
Tierra del Fuego
39%

Distribución de puntuación

Porcentaje por número respondido

Porcentaje de gente con cada puntuación

Historial de tus puntuaciones

No has intentado esta prueba.